000 01192nam a2200301 a 4500
001 000045644
005 20201002052349.0
008 150421s1981 dr a 000 0 spa d
040 _aDO-SdBNP
_bspa
_cBNPHU
082 _axxxx
_bxxxx
245 0 0 _aExperiencias didacticas /
_cYolanda Fernández de Perdomo... [et. al].
250 _a2da ed.
260 _aSanto Domingo :
_bUniversidad Autónoma de Santo Domingo,
_c1981.
300 _a524 p. :
_bil. ;
_c21 cm.
490 1 _aEducación y sociedad
_v3
490 1 _aPublicaciones de la Universidad Autónoma de Santo Domingo
_v235
504 _aBibliografía : p. 519-524
586 _aPremio Nacional de Didáctica, 1977
590 _aPerteneció a la biblioteca personal de Erick Lendestoy.
500 _aIncluye datos biográficos de las autoras
700 1 2 _aFernández de Perdomo, Yolanda.
_936686
700 1 2 _aNivar De Fernández, Nora
_936693
700 1 2 _aPereyra de Torres, Ana Teresa
_936694
700 1 2 _aAybar de Cruz, Consuelo
_936689
700 1 2 _aDíaz de Pérez, Cristina
_936695
830 0 _aPublicaciones de la Universidad Autónoma de Santo Domingo ;
_n235
_936691
830 0 _aEducación y sociedad ;
_n3
_936692
999 _c45133
_d45133